000 00441nam a2200181Ia 4500
001 4854
005 20260306145825.0
008 260306t2002||||xx |||||||||||||| ||spa||
041 _aESP
082 _a330.985
_bC76
100 _aContreras, Carlos (ed.)
_eAUT
245 0 _aEstado y mercado en la historia del Perú
260 _c2002
300 _a437 páginas :
_c24 cm.
650 _aGEN
654 _aCAN
942 _cLIB
_dJUS
_fJUS
_2ddc
_n
999 _c4854
_d4854